000 00689nam a22002057a 4500
005 20230207092816.0
008 230207b sp ||||| |||| 00| 0 spa d
020 _a8420635731
050 _aH61.15
_bG66 2003
100 1 _aGómez Rodríguez, Amparo
245 _aFilosofia y metodologia de las ciencias sociales /
_cAmparo Gómez Rodríguez
_h
250 _a1a ed.
260 _aMadrid ;
_bAlianza,
_c2003
300 _a343 p. ;
_c24 cm.
440 _aLibro Universitario ;
_n No. 085
500 _a# 449 Donacion: Juan Alvarez Cienfuegos 25/ FEB./2020
650 _aCiencias sociales
_xMetodología
650 _aCiencias sociales
_xFilosofía
942 _2lcc
_cLIB
999 _c166007
_d166005